000 00332nam a2200145Ia 4500
008 100122s9999 xx 000 0 und d
082 _b67747
_a823
100 _aPATTERSON JAMES
245 _aTHITD DEGREE
260 _bWARNER BOOKS
_c2005
300 _a360
630 _aTHITD DEGREE
730 _aTHITD DEGREE
942 _cBOOK
999 _c381186
_d381183